When the moon split : a biography of Prophet Muhammad (Record no. 227874)
[ view plain ]
| 000 -LEADER | |
|---|---|
| fixed length control field | 01201nam a22001937a 4500 |
| 005 - DATE AND TIME OF LATEST TRANSACTION | |
| control field | 20230714141226.0 |
| 008 - FIXED-LENGTH DATA ELEMENTS--GENERAL INFORMATION | |
| fixed length control field | 230714b ||||| |||| 00| 0 eng d |
| 040 ## - CATALOGING SOURCE | |
| Transcribing agency | AL |
| 041 ## - LANGUAGE CODE | |
| Language code of text/sound track or separate title | English |
| 082 ## - DEWEY DECIMAL CLASSIFICATION NUMBER | |
| Edition number | 23 |
| Classification number | 297.63 |
| Item number | MUBW |
| 100 ## - MAIN ENTRY--PERSONAL NAME | |
| Personal name | Safiur Rahman Mubarakpuri |
| 100 ## - MAIN ENTRY--PERSONAL NAME | |
| 9 (RLIN) | 126975 |
| 245 ## - TITLE STATEMENT | |
| Title | When the moon split : a biography of Prophet Muhammad |
| 260 ## - PUBLICATION, DISTRIBUTION, ETC. | |
| Place of publication, distribution, etc. | Lahore |
| Name of publisher, distributor, etc. | Darussalam |
| Date of publication, distribution, etc. | 1998 |
| 300 ## - PHYSICAL DESCRIPTION | |
| Extent | 320 p. |
| Other physical details | PB |
| Dimensions | 21x14 cm. |
| 520 ## - SUMMARY, ETC. | |
| Summary, etc. | The biography of the Prophet is a very noble and exalted subject by which Muslims learn about the rise of Islam, and how Prophet Muhammad (PBUH) was chosen by Allah to receive the divine revelation. You also learn about the hardships the Prophet (pbuh) and his companions faced, and how they eventually succeeded with Allah's help. This book adds to where Ar-Raheeq Al-Makhtum left off. Its clear, yet precise narration of the life of the Prophet makes it a great compliment to Ar-Raheeq Al-Makhtum. Over 6 months of editing, a masterpiece on the life of the Prophet, this book explains the life of the Prophet in the light of Authentic Ahadith and the Qur'an. |
| 650 ## - SUBJECT ADDED ENTRY--TOPICAL TERM | |
| Topical term or geographic name entry element | Biography |
| 9 (RLIN) | 126966 |
| 700 ## - ADDED ENTRY--PERSONAL NAME | |
| Personal name | MUBARAKPURI (Safiur Rahman) |
| 9 (RLIN) | 126967 |
| 942 ## - ADDED ENTRY ELEMENTS (KOHA) | |
| Source of classification or shelving scheme | Dewey Decimal Classification |
| Koha item type | Donated Books |
| Withdrawn status | Lost status | Source of classification or shelving scheme | Damaged status | Not for loan | Collection code | Home library | Current library | Date acquired | Total Checkouts | Full call number | Barcode | Date last seen | Price effective from | Koha item type | Public note |
|---|---|---|---|---|---|---|---|---|---|---|---|---|---|---|---|
| Dewey Decimal Classification | General | St Aloysius Library | St Aloysius Library | 06/30/2023 | 297.63 MUBW | D06070 | 07/14/2023 | 07/14/2023 | Donated Books | Donated by V. T. Rajshekar |